| 000 | 00866nam a22002297a 4500 | ||
|---|---|---|---|
| 008 | 100203t xxu||||| |||| 00| 0 eng d | ||
| 010 | _aB-365435 | ||
| 020 |
_a8173192693 _c280.00 |
||
| 035 | _aB-365435 | ||
| 037 |
_aUBH _bRP/CL/E;22/92/17-12-09/22-12-09/23-12-09 |
||
| 040 |
_adpl _beng |
||
| 082 | _a512.02 | ||
| 100 | _aGallian,Joseph A. | ||
| 245 |
_aContemporary Abstract Algebra/ _cby Joseph A. Gallian |
||
| 250 | _a4thed | ||
| 260 |
_aNew Delhi _bNarosa Publishing House _c2009 |
||
| 270 |
_a22 Daryaganj _bNew Delhi _e110002 |
||
| 300 |
_axii,583pgs _c22cm |
||
| 942 |
_2ddc _cEN _h512.02 _mGAL |
||
| 999 |
_c33688 _d33688 |
||